|
|
|
|
| LEADER |
01579nam a22003617i 4500 |
| 001 |
36860 |
| 003 |
BD-DhAAL |
| 005 |
20211111114841.0 |
| 008 |
200101t20112015si a b 001 0 eng d |
| 999 |
|
|
|c 41792
|d 41792
|
| 010 |
|
|
|a 2014412891
|
| 020 |
|
|
|a 9781118808573
|
| 040 |
|
|
|a YDXCP
|b eng
|c YDXCP
|e rda
|d BTCTA
|d XII
|d UKMGB
|d SYB
|d DLC
|d BD-DhAAL
|
| 050 |
0 |
0 |
|a QA76.73.J38
|b G66 2014
|
| 082 |
|
|
|a 005.73
|2 23
|
| 100 |
1 |
|
|a Goodrich, Michael T.,
|9 38744
|
| 245 |
1 |
0 |
|a Data structures and algorithms in Java /
|c Michael T. Goodrich, Roberto Tamassia, Michael H. Goldwasser.
|
| 250 |
|
|
|a Sixth edition.
|
| 260 |
|
|
|a Singapore :
|b Wiley,
|c c2015.
|
| 300 |
|
|
|a xviii, 699 pages :
|b illustrations ;
|c 24 cm.
|
| 500 |
|
|
|a Includes index.
|
| 526 |
|
|
|a CSE
|
| 541 |
|
|
|a Karim International
|e 36860, 36861
|
| 650 |
|
0 |
|a Java (Computer program language).
|9 38745
|
| 650 |
|
0 |
|a Data structures (Computer science).
|9 38746
|
| 650 |
|
0 |
|a Computer algorithms.
|9 38747
|
| 650 |
|
0 |
|a Computer science.
|9 42556
|
| 700 |
1 |
|
|a Tamassia, Roberto
|9 38748
|
| 700 |
1 |
|
|a Goldwasser, Michael H.
|9 38749
|
| 852 |
|
|
|a Ayesha Abed Library
|c General Stacks
|
| 942 |
|
|
|2 ddc
|c BK
|
| 952 |
|
|
|0 0
|1 0
|2 ddc
|4 0
|6 005_730000000000000_GOO
|7 0
|9 67599
|a BRACUL
|b BRACUL
|c GEN
|d 2019-12-29
|e Karim International
|g 5200.00
|l 8
|m 119
|o 005.73 GOO
|p 3010036861
|r 2026-02-22
|s 2025-04-30
|t 2
|v 5200.00
|w 2019-12-29
|y BK
|
| 952 |
|
|
|0 0
|1 0
|2 ddc
|4 0
|6 005_730000000000000_GOO
|7 0
|9 67600
|a BRACUL
|b BRACUL
|c GEN
|d 2019-12-29
|e Karim International
|g 5200.00
|l 10
|m 103
|o 005.73 GOO
|p 3010036860
|q 2026-06-02
|r 2025-10-07
|s 2025-10-07
|t 1
|v 5200.00
|w 2019-12-29
|y BK
|